000
00204 a2200097 4500
001
30312
100
_a
Premchand
245
_a
Short stories
260
_a
Bombay
_b
Nalanda Pubns
_c
090
_c
20259
_d
20259
942
_a
NUST-CAE
_c
M
_c
11402
999
_c
265385
_d
265385